00706nam a2200205Ia 4500003000900000008004100009020001800050040001600068080001600084100002300100245009500123260004500218300001500263650002900278650002900307650001900336942000700355999001700362952012100379IN-BaIIA211028s9999 xx 000 0 eng d a81-85198-81-0 cIIA Library a621-83bLEO aLeonhard, W919060 0aControl of electrical drivescW. Leonhard  aNew DelhibNarosa Publishing Housec1992 axvi, 346p. aElectrical drives919061 aElectrical energy919062 aNASA thesaurus cBK c11132d11132 00104070aBANbBANcGENd1994-08-26g247.00l0o621-83/ LEOp12046r2021-11-05v247.00w1994-08-26yBKGRs. 247.00